000 07082nam a2200433Ia 4500
003 OSt
005 20260629123740.0
008 2310s2022 ua a frm 000 engnd d
040 _aEG-EULC
_beng
_cEG-EULC
_dEG-EULC
_erda
041 0 _aeng
_beng
_bara
049 _aDeposit
082 _a610
092 _a610
_221
097 _aPh.D
099 _aCai01.11.24.Ph.D.2022.Sh.F
100 _aShaimaa Ibrahim Hussein Gafar,
_epreparation.
245 _aFoveal avascular zone assessment by optical coherencetomography angiography in patients with maculartelangiectasia type 2
_cShaimaa Ibrahim Hussein Gafar ; Supervised Prof.Dr. Hany Salah Aldein Hamza, Prof.Dr. Ihab Abdelaziz Mohamed, Prof.Dr. Shaymaa Hassan Salah Mohamed
246 _aتقييم منطقة االوعية الدموية النقية عن طريق التصوير المقطعى لالوعيةالدموية فى المرضى الذين يعانون من النوع الثانى من توسع الشعيرات البقعي
264 0 _c2022.
300 _a138 p. :
_billustrations ;
_c25cm+
_eCD
336 _2rda content
_atext
337 _2rdamedia
_aUnmediated
338 _2rdacarrier
_avolume
502 _aThesis (Ph.D)-Cairo University - Faculty of Medicine - Department of Ophthalmology
504 _aBibliography: p. 113-134.
520 3 _aPurpose:  To evaluate changes in foveal avascular zone (FAZ) in patients with macular telangiectasia type 2 (Mac Tel 2) and to compare these changes with a normal age matched control group.  To evaluate changes in vascular density and retinal thickness in the FAZ area and para macular area in Mac Tel 2 group and compare these changes with a normal age matched control group. Design: Case control study. Methods: Our study is done on patients diagnosed with Mac Tel 2 and normal age matched control group, each group includes twenty-four eyes. All the patients and control had a comprehensive ophthalmologic examination, including visual acuity assessment, anterior, posterior segment examination and intraocular pressure measurement. Both Mac Tel group and control group had both optical coherence tomography angiography (OCTA) and Optical coherence tomography (OCT) imaging. Optical coherence tomography angiography (OCTA) Macular 3×3 mm En face and structural OCTA images centered on the fovea were obtained from each subject by using Optovue RTVue XR Avanti technology (Optovue, Inc, Freemont, CA) to obtain amplitude decorrelation angiography images. This instrument has an A-scan rate of 70,000 scans per second.
520 3 _aتمدد الشعيرات البقعي من النوع الثاني هو مرض تنكسي يصيب كلتا العينين بين سن اربعون الي ستون سنة. معظم المصابين بهذا المرض لا تظهر عليهم أعراض خلال المراحل المبكرة من المرض ويشكو آخرون من ضبابية خفيفة في الرؤية. ندرة العلامات السريرية في المراحل الاولية تجعل التشخيص المبكر صعبًا. التصوير الوعائي بالتصوير المقطعي البصري هو أداة قيمة وغير جراحية لتشخيص وتقييم المرضى الذين يعانون من توسع الشعيرات البقعي من .كما يسمح لنا بتقييم المراحل المختلفة لهذا المرض كما يمكنا التصوير الوعائي بالتصوير المقطعي البصري من تقييم الأوعية الدموية النقية وتغيرات كثافة الأوعية الدموية. وقد يتعزر الحصول علي هذه البيانات عن طريق تصوير قاع الأوعية الدموية بالفلورسين ، حيث انه غير قادر على فصل الضفيرة الشعرية السطحية والعميقة ، كما أنه غير قادر على تقييم منطقة الأوعية الدموية النقية خاصة في وجود تسرب أو تلطيخ. قد أجريت دراستنا على اربعة و عشرون عينًا لمرضى يعانون من توسع الشعريات البقعي من النوع الثاني تم تشخيصهم عن طريق التصوير المقطعي بالتماسك البصري و اربعة وعشرون عينًا بمجموعة تحكم مطابقة لنفس الفئة العمرية. هدفنا من هذه الدراسة هو تقييم المرضى الذين يعانون من توسع الشعريات البقعي من النوع الثاني بمساعدة تصوير الأوعية المقطعي بالتماسك البصري ، من أجل الكشف عن التغيرات في منطقة الأوعية الدموية النقية ، وكثافة الأوعية وسمك الشبكية ومقارنة هذه التغييرات مع مجموعة التحكم المطابقة للعمر الطبيعي. في دراستنا ، لم يتم العثور على فرق ذي دلالة إحصائية بين مجموعة التجكم ومجموعة التمدد الشعبي فيما يتعلق بمنطقة الاوعية النائية ومحيطها ومؤشر انعدام الدائرية. نجد أيضًا انخفاضًا ذو دلالةإحصائيًا في كثافة الوعاء في المنطقة شبه النقية الزمنية والمتفوقة والسفلية في الضفيرة الشعرية السطحية مقارنة بالمجموعة الطبيعية. بينما فيما يتعلق بسماكة الشبكية ، هناك انخفاض ذو دلالةاحصائية في سماكة النقرة الصدغية ، العلوية ، الأنفية والسفلية النقية لمجموعة التوسع الشعبي مقارنة بالفئة العمرية العادية المتطابقة. القيد في دراستنا هو ندرة الحالات خاصة أولئك الذين لا يعانون من امراض اخري بالأوعية الدموية مثل مرض السكري أو انسداد الأوعية الدموية في الشبكية. يجب إجراء مزيد من الدراسة على عدد أكبر من الحالات بما في ذلك مستويات أوسع من التدريج من أجل الكشف عن تأثير توسع الشعيرات البقعي من النوع الثاني على طبقات الشبكية المختلفة.
530 _aIssues also as CD.
546 _aText in English and abstract in Arabic & English.
650 _aOphthalmology
653 _aoptical coherence tomography angiography
700 _aHany Salah Aldein Hamza, Prof.Dr. , Prof.Dr.
_ethesis advisor.
700 _aIhab Abdelaziz Mohamed
_ethesis advisor.
700 _aShaymaa Hassan Salah Mohamed
_ethesis advisor.
900 _b01-01-2022
_cHany Salah Aldein Hamza
_cIhab Abdelaziz Mohamed
_cShaymaa Hassan Salah Mohamed
_UCairo University
_FFaculty of Medicine
_DDepartment of Ophthalmology
905 _aShimaa
942 _cTH
_2ddc
999 _c163832